Biblioteca

El sínodo de la familia. Un mensaje de esperanza : Selección de intervenciones de los Padres Sinodales / Delegación de Pastoral Familiar de la Diocesis de Madrid ; Javier Elizari basterra, Traducción y presentación de los textos (Registro nro. 32560)

Detalles MARC
000 -LÍDER
Campo fijo de descripción fija 008190000a22001930004500
020 ## - NÚMERO INTERNACIONAL NORMALIZADO PARA LIBROS
Número Internacional Normalizado del libro 84-285-0828-3
041 0# - CÓDIGO DE IDIOMA
Código de idioma para texto/pista de sonido o título separado
082 04 - NÚMERO DE CLASIFICACIÓN DECIMAL DEWEY
Número de clasificación G 173 E434s
001 - NÚMERO DE CONTROL
Campo de control 1237
245 10 - TÍTULO
Título del Material El sínodo de la familia. Un mensaje de esperanza : Selección de intervenciones de los Padres Sinodales / Delegación de Pastoral Familiar de la Diocesis de Madrid ; Javier Elizari basterra, Traducción y presentación de los textos
260 ## - PUBLICACIÓN, DISTRIBUCIÓN, ETC. (PIE DE IMPRENTA)
Lugar de publicación, distribución, etc. Madrid, España : Paulinas
300 ## - DESCRIPCIÓN FÍSICA
Extensión 245 Pag.
336 ## - CONTENT TYPE
Content type term texto
Content type code txt
Source rdacontent
337 ## - MEDIA TYPE
Source rdamedia
Media type term sin mediación
Media type code n
338 ## - CARRIER TYPE
Source rdacarrier
Carrier type term volumen
Carrier type code nc
505 00 - NOTA DE CONTENIDO
Nota de contenido con formato preestablecido textos que tratan temas v arios -- pastoral -- moral -- paternidad responsable -- marginados -- inculturación del matrimonio -- espiritualidad -- educación
650 14 - ASIENTO SECUNDARIO DE MATERIA - TERMINO TEMÁTICO
Término temático o nombre geográfico como elemento de entrada FAMILIA CRISTIANA
942 ## - TIPO DE MATERIAL (KOHA)
Tipo de Item KOHA Libros General
Existencias
Estado de Material Estado de Perdido Estado de Dañado No para Préstamo Colección Tomo Biblioteca de Origen Biblioteca Permanente Fecha de Adquisición Total de Préstamos Signatura Topográfica Código de Barras Última vez visto Ejemplar/Existencia Fecha de Remplazo Tipo de Material
        Colección General   Biblioteca FUSBC Biblioteca FUSBC 11/10/2004   G 173 E434s 664 12/12/2019 1 26/01/2016 Libros General

Biblioteca FUSBC | Teléfono: (57+4) 349 88 10 Ext. 141| WhatsApp (+57) 3005338115 
E-mail: biblioteca@unisbc.edu.co | Calle 76 87-14 Robledo Palenque, Medellín, Colombia

Con tecnología Koha